Bilder im Wandel die Kunst der ramessidischen Privatgräber

محفوظ في:

المؤلف الرئيسي: Eva Hofmann

التنسيق: كتاب

اللغة: Undetermined

منشور في: Mainz am Rhein Philipp von Zabern 2004

سلاسل: Theben, 17.

الموضوعات:

الوسوم: إضافة وسم

لا توجد وسوم, كن أول من يضع وسما على هذه التسجيلة!

رقم الطلب: (F) DT73 .T3 T65 v.17

LEADER 00719nam a2200181Ia 4500
008 220904s9999||||xx |||||||||||||| ||und||
020 |a 3805333722 
050 |a (F) DT73 .T3 T65 v.17 
100 1 |a  Eva Hofmann 
245 1 0 |a Bilder im Wandel  |b die Kunst der ramessidischen Privatgräber  |c Eva Hofmann 
264 1 |a  Mainz am Rhein  |b  Philipp von Zabern  |c 2004 
300 |a vll 217.p  |b ., XXXII p. de lám  |c 35cm 
490 0 |a  Theben, 17. 
505 0 |a Tombs -- Egypt -- Thebes (Extinct city) 
650 4 |a Art, Egyptian -- egypt -- Thebes ( Extinct city) 
942 |2 lcc  |c BK 
952 |0 0  |1 0  |2 lcc  |3 V.17  |4 0  |7 1  |9 42731  |a ARCE  |b ARCE  |d 2022-09-04  |l 0  |o (F) DT73 .T3 T65 v.17  |p 1018888  |r 2022-09-04 00:00:00  |w 2022-09-04  |y BK 
999 |c 49404  |d 49404